000 00654cam a2200229 a 4500
001 000009417
005 20200929161604.0
008 020129s1986 cu 000 f spa d
040 _aDO-SdBNP
_bspa
_cDLC
_dBNPHU
082 _a863.6
_bB644c
100 1 _aBlasco Ibáñez, Vicente,
_d1867-1928
_915017
245 1 3 _aLa catedral /
_cVicente Blasco Ibáñez.
260 _aLa Habana, Cuba :
_bArte y Literatura,
_c1986.
300 _a321 p. ;
_c19 cm.
490 1 _aHuracán
650 4 _aNovela española
_91123
650 4 _aLiteratura española
_9632
830 0 _aHuracán
_95481
910 _aCatalogación derivada
910 _aWM
049 _aBNGR
999 _c9177
_d9177